[Event "Alushta Autumn 1st"]
[Site "Alushta"]
[Date "2004.09.02"]
[Round "9"]
[White "Ovetchkin, Roman"]
[Black "Annageldyev, Orazly"]
[Result "1-0"]
[WhiteElo "2475"]
[BlackElo "2458"]
[Annotator "Finkel,A"]
[PlyCount "92"]
[EventDate "2004.08.28"]
[EventType "tourn"]
[EventRounds "15"]
[EventCountry "UKR"]
[EventCategory "9"]
[SourceTitle "CBM 103"]
[Source "ChessBase"]
[SourceDate "2004.11.11"]
[SourceVersion "1"]
[SourceVersionDate "2004.11.11"]
[SourceQuality "1"]

1. e4 c5 2. Nf3 Nc6 3. Bb5 e6 4. O-O Nge7 5. Re1 a6 6. Bxc6 Nxc6 7. d4 cxd4 8.
Nxd4 Be7 (8... d6 9. Nc3 Be7 10. Nxc6 bxc6 11. Qg4 g5 $2 12. e5 h5 $6 13. Qc4
$18 {Christiansen,L-Bellon Lopez,J/Torremolinos 1976}) (8... Bc5 9. Nb3 Be7 10.
c4 O-O 11. Nc3 f5 12. exf5 Rxf5 13. Be3 b5 14. cxb5 axb5 15. Ne4 d5 16. Ng3 Rf7
17. Nd4 Nxd4 18. Bxd4 $14 {Braitt,M-Chemin,V/Blumenau 1982}) 9. Nxc6 dxc6 10.
Qg4 Qd4 (10... O-O 11. e5 f5 12. exf6 Bxf6 13. Nd2 Qa5 14. Nf3 Qf5 15. Qc4 $14
{Horvath,G-Riha,V/Budapest 1982}) 11. c3 $6 {Helping black to solve opening
problems. The queen was heading for f6 anyway, so there was no reason to waste
a tempo on bringing it there!} (11. Nd2 O-O 12. Qg3 Qf6 13. Nf3 Qg6 14. Qc7 Bd8
15. Qd6 f6 16. e5 Qf7 17. Be3 $14 {Frois,A-Jossien,A/Cappelle la Grande 1993})
(11. Bd2 Qf6 $2 12. Bc3 Qg6 13. Qxg6 hxg6 14. Bxg7 Rh5 15. e5 $16 {Szmetan,
J-Fliger,I/Philadelphia 1999}) 11... Qf6 12. e5 Qg6 13. Qe2 $6 (13. Qxg6 $11)
13... c5 14. Nd2 Bd7 15. Qe4 $1 {Admitting the mistake on the 13th move. Even
after a couple of inaccuracies white kep an equal chances.} (15. Ne4 Bc6 16. f3
Rd8 17. Bf4 O-O $15) 15... Bc6 16. Qxg6 hxg6 17. Ne4 Rh5 18. f4 O-O-O 19. Nf2 (
{White could've also played} 19. Ng5 Bxg5 20. fxg5 b6 21. Bf4 $11 {with
equality.}) 19... Rdh8 20. h3 g5 $6 {The position remains equal after this
move, but it's quite obvious that white is the only one to play for a win, so
this attempt is pointless.} 21. g4 R5h6 22. fxg5 Rg6 23. Kh2 Bxg5 24. Bxg5 Rxg5
25. Kg3 Rg6 26. Nd3 $14 Rgh6 27. Nf4 Kd7 (27... g5 28. Nh5 R6h7 29. c4 Kc7 30.
Rad1 b5 31. b3 bxc4 32. bxc4 Rb8 33. Rb1 Rhh8 $13) 28. Rad1+ Ke7 29. Re2 g5 30.
Nh5 Bd5 31. b3 c4 32. b4 Bc6 (32... b6 33. Rh2 Rd8 34. Nf6 Rxf6 35. exf6+ Kxf6
36. Rf2+ Ke7 $11) 33. Rd4 a5 34. a3 axb4 35. axb4 Ra8 $2 36. Rxc4 $16 Ra1 (
36... Bb5 37. Rc7+ Kd8 38. Rxf7 Bxe2 39. Rf8+) 37. Rc5 Rh8 38. b5 Ra5 39. c4
Rd8 40. Re3 Rd1 (40... Rd2 41. h4 gxh4+ 42. Kxh4 Kd8 43. Ng3 Rd4 44. Ne2 Rd1
45. Nc3 Rf1 (45... Rd2 46. bxc6 Rxc5 47. cxb7 Kc7 48. Ne4 $18) 46. Rd3+ Kc7 47.
Ne4 $18) 41. Rb3 {[%cal Gb5c6]} Be4 42. Nf6 Rg1+ 43. Kf2 Rg2+ 44. Ke3 Rg3+ 45.
Kxe4 Rxb3 46. Rc7+ Kd8 1-0

[Event "HUN-ch 54th"]
[Site "Budapest"]
[Date "2004.08.25"]
[Round "7"]
[White "Balogh, Csaba"]
[Black "Cao, Sang"]
[Result "1/2-1/2"]
[WhiteElo "2513"]
[BlackElo "2545"]
[Annotator "Finkel,A"]
[PlyCount "67"]
[EventDate "2004.08.19"]
[EventType "tourn"]
[EventRounds "9"]
[EventCountry "HUN"]
[EventCategory "13"]
[SourceTitle "CBM 103"]
[Source "ChessBase"]
[SourceDate "2004.11.11"]
[SourceVersion "1"]
[SourceVersionDate "2004.11.11"]
[SourceQuality "1"]

1. e4 c5 2. Nf3 Nc6 3. Nc3 e5 4. Bc4 d6 5. d3 h6 6. Nd2 Nf6 7. Nf1 g6 8. Ne3
Bg7 (8... h5 9. Ned5 Nxd5 10. Nxd5 Bh6 11. Bxh6 Rxh6 12. Qd2 Rh8 13. O-O g5 14.
c3 $14 {Sobjerg,E-Zezulkin,J/Norresundby 1992}) 9. Ncd5 (9. g4 Ne7 10. h4 Be6
11. Qf3 a6 12. Bd2 b5 13. g5 hxg5 14. hxg5 Nh5 15. Bd5 b4 16. Ne2 $14 {Gipslis,
A-Ciemniak,R/Berlin 1993}) 9... Nxd5 10. Nxd5 O-O (10... Ne7 11. c3 Nxd5 12.
Bxd5 O-O 13. Be3 Be6 14. Bxe6 fxe6 15. O-O Kh7 $11 {Blehm,P-Stripunsky,A/Ceske
Budejovice 1995}) 11. h4 Nd4 12. a4 $6 {Black wasn't threatening to push b5 so
I'm not sure 12.a4 was essential at this point.} (12. c3 Ne6 (12... b5 13. cxd4
bxc4 14. dxe5 cxd3 15. Qxd3 dxe5 16. h5 g5 17. Be3 $16) 13. h5 g5 14. Ne3 {
[%csl Rd5,Rf5]} Nc7 15. a4 (15. O-O b5 16. Bb3 Be6 17. Qf3 a5 $13) 15... Be6
16. Qf3 Qd7 17. O-O $14) 12... Kh8 13. c3 Ne6 14. g4 Nc7 15. Nxc7 (15. Be3 Nxd5
16. Bxd5 Be6 17. g5 h5 18. Qb3 Qd7 $13) 15... Qxc7 16. Bxh6 $5 {Nice tactical
blow, which leads to a draw after sharp play.} Bxh6 17. g5 Qe7 (17... Bg7 $2
18. h5 Kg8 19. hxg6 Rd8 (19... Be6 20. Rh8+ $1 Bxh8 21. Qh5 fxg6 22. Qxg6+ Bg7
23. Qxe6+ Kh8 24. O-O-O $18) 20. Bxf7+ $1 (20. gxf7+ $6 Kf8 21. Rh7 {[%cal
Gd1h5]} d5 22. Bxd5 Rxd5 23. exd5 Qxf7 $132) 20... Kf8 21. Qf3 Qe7 22. Rh5 $18
{[%cal Gf3h1]}) 18. gxh6 f5 19. Qd2 (19. Qe2) 19... fxe4 20. dxe4 Bg4 21. Be2 (
{A first impression was that 21.Qg5 might give white better endgame, but black
seems to have sufficient defensive resourses in all the lines.} 21. Qg5 Qxg5 (
21... Qf6 $5 22. Qxg4 Qxf2+ 23. Kd1 Qxb2 24. Rc1 Rf2 25. Qg5 Raf8 26. Rg1 Rh2
$44 {[%csl Rd1][%cal Gb2f2]}) 22. hxg5 Rf4 23. Bd5 Bf3 24. Rh3 Raf8 25. b3 Bxe4
$13) 21... Bxe2 22. Qxe2 Rf4 23. O-O-O Raf8 24. Rd2 (24. Qd3 R8f6 (24... Rxf2
25. Qxd6 Qxd6 26. Rxd6 Re2 27. Rd7 b6 28. h5 g5 29. Rhd1 $14) 25. h5 g5 26. Rh2
Qf7 $132) 24... R8f6 25. Qe3 Qf7 26. Rhd1 Qa2 $5 27. Rxd6 Qa1+ 28. Kc2 Qxa4+ (
28... Rxf2+ 29. R6d2 Qxa4+ 30. Kc1 Rxd2 31. Qxd2 Kh7 $15) 29. Kc1 Qa1+ 30. Kc2
Rxf2+ 31. R6d2 Qa4+ 32. Kc1 Qa1+ (32... Rxd2 33. Qxd2 Kh7 $15) 33. Kc2 Qa4+ 34.
Kc1 1/2-1/2

[Event "Bundesliga 0405"]
[Site "Germany"]
[Date "2005.04.10"]
[Round "15.1"]
[White "Adams, Michael"]
[Black "Anand, Viswanathan"]
[Result "1/2-1/2"]
[WhiteElo "2740"]
[BlackElo "2781"]
[Annotator "Finkel,A"]
[PlyCount "67"]
[EventDate "2004.11.12"]
[EventType "team-tourn"]
[EventRounds "15"]
[EventCountry "GER"]
[SourceTitle "CBM 107"]
[Source "ChessBase"]
[SourceDate "2005.08.01"]
[SourceVersion "1"]
[SourceVersionDate "2005.08.01"]
[SourceQuality "1"]
[WhiteTeam "Porz"]
[BlackTeam "Baden Oos"]
[WhiteTeamCountry "GER"]
[BlackTeamCountry "GER"]

1. e4 c5 2. Nf3 Nc6 3. Bb5 Nf6 4. Nc3 Qc7 5. O-O Nd4 6. Re1 a6 7. e5 Nxb5 8.
exf6 Nxc3 9. fxg7 (9. bxc3 $2 gxf6 10. c4 d6 11. Bb2 e5 12. d4 cxd4 13. Nxd4
Be7 14. Qh5 Qxc4 $17 {Mason,D-Greet,A/Coventry 2005}) 9... Bxg7 10. dxc3 d6 (
10... e6 11. Qd5 $1 O-O 12. Qh5 f5 13. Bh6 Qd8 14. Ng5 Bxh6 15. Qxh6 Qe7 16. f4
$16 {Sukhachev,M-Shishigin,D/Dagomys 2004}) 11. Qd3 $5 {[%csl Gf5] A new move
in the well-known position aiming to take the square f5 under control. The
problem is that White doesn't have time to transfer the knight to f5, so black
has nothing to worry about. Actually it was White, who was looking to equalize
as the game proceeded.} (11. Ng5 Bf5 (11... h6 12. Bf4 (12. Ne4 Be6 13. Bf4
O-O-O 14. Qh5 Rdg8 15. Rad1 Be5 16. Bxe5 dxe5 17. Qe2 $14 {Marzolo,C-Lerch,P/
Marseille 2001}) 12... O-O 13. Ne4 f5 (13... Bf5 14. Qh5 Bg6 15. Qh4 h5 (15...
f5 $6 16. Nd2 Bf6 17. Qg3 Kg7 18. Re6 Rh8 19. Rae1 $16 {Savchenko,B-Farakhov,R/
Essentuki 2003}) 16. Rad1 Rae8 17. Bg5 f6 18. Bc1 Qc8 19. h3 Rf7 20. Rd3 $36 {
Yurtaev,L-Ivanchuk,V/Frunze 1988}) 14. Nxd6 exd6 15. Bxd6 Qf7 16. Bxf8 Bxf8 17.
Qd8 b5 18. Rad1 Bb7 19. Qb6 Qg7 20. Qe6+ Kh8 21. g3 Be4 $13 {Volokitin,
A-Eljanov,P/Alushta 2002}) 12. f4 (12. a4 Qc6 13. Qe2 Bf6 14. Ne4 Bxe4 15. Qxe4
Qxe4 16. Rxe4 d5 {1/2-1/2 Anand,V-Kramnik,V/Linares 2003}) (12. g4 Bg6 13. f4
h6 14. Nf3 O-O-O 15. f5 Bh7 16. Qd5 e6 $44 {Zeller,F-Pohl,W/Unterkochen 2003})
(12. Qf3 Bg6 13. h4 h5 14. Qg3 Qd7 15. a3 Bf6 16. Ne4 Bxe4 17. Rxe4 O-O-O $15 {
Mkrtchian,L-Sterliagova,T/Sochi 2004}) 12... Qd7 13. h3 h6 14. Ne4 O-O-O 15.
Qf3 Rhg8 16. Be3 Bxe4 17. Qxe4 Bf6 18. f5 h5 19. Rad1 Qc6 20. Bf2 Rg7 $13 {
Nedev,T-Eljanov,P/Bled 2002}) (11. Qd5 O-O (11... h6 12. Qh5 e5 13. Nh4 Be6 14.
f4 O-O-O 15. Be3 Rdg8 16. Rad1 Bf8 17. f5 Bc4 $13 {Nedev,T-Atalik,S/Kansas 2003
}) (11... e5 $6 12. Rd1 Bf8 13. Ng5 Rg8 14. f4 h6 15. fxe5 $40 {Degraeve,
J-Lazarev,V/Bethune 2002}) 12. Qh5 e5 13. Bh6 f5 14. Rad1 Rf6 (14... f4 $6 15.
Bxg7 Kxg7 16. Qg5+ Kh8 17. Qh6 Bf5 18. Qxd6 Qxd6 19. Rxd6 $16 {Al Modiahki,
M-Doghri,N/Tunis 1997}) 15. Bg5 Rf7 16. Bc1 Rf6 17. Bg5 Rf7 18. Bc1 {1/2-1/2
Naiditsch,A-Van Wely,L/Ciudad Real 2004}) 11... h6 $1 12. Bf4 (12. Nd2 Be6 $5
13. Rxe6 fxe6 14. Qg6+ Kf8 15. Qxe6 Qc8 16. Qe4 Kf7 {[%cal Gc8e6]} 17. Qf3+ Kg6
18. Qg3+ Kf7 $11) 12... e5 13. Bg3 Be6 14. Nh4 (14. Nd2 c4 $1 15. Qe3 O-O-O 16.
f4 h5 $15) 14... c4 $1 {This move is more accurate than the immediate} (14...
Qd7 {since white is deprived of a possibility to push f4.} 15. f4 exf4 16. Bxf4
O-O-O 17. Rad1 d5 18. Nf3 $14) 15. Qf3 Qd7 $15 {[%csl Gf5,Rg3,Rh4]} 16. h3
O-O-O 17. Rad1 f6 (17... f5 $2 18. Ng6 Rhg8 19. Nxe5 $18) 18. b3 Kb8 19. Rd2 h5
20. bxc4 (20. Red1 $5 Qc7 21. Nf5 Bxf5 (21... h4 $6 22. Nxh4 Bf7 23. Qf5 d5 (
23... Bh5 $6 24. Nf3 Bh6 25. Rd5 Bf7 $2 26. Rxd6 $3 {[%cal Gg3b8]} Rxd6 27.
Rxd6 Qxd6 28. Nxe5 Qd1+ 29. Kh2 $18) 24. bxc4 Qxc4 25. Ng6 $14) 22. Qxf5 cxb3
23. axb3 Qxc3 24. Qg6 Bh6 25. Rxd6 Rxd6 26. Rxd6 h4 27. Bxh4 Qe1+ 28. Kh2 Bf4+
29. Bg3 Qxf2 $11) 20... Qc6 {After the move in the game the draw is inevitable.
Black's only chance to play for a win was} (20... Qc7 21. Nf5 $140 $6 Bxf5 22.
Qxf5 h4 23. Bh2 Qxc4 $15) 21. Qxc6 bxc6 22. c5 $1 $11 dxc5 (22... d5 23. f4 $14
{[%csl Re5,Re6][%cal Gf4f5]}) 23. Rxd8+ Rxd8 24. f4 $1 {Activating the bishop
is more important than the pawn on a2.} Bxa2 25. Ra1 Be6 (25... Bc4 $5 26. fxe5
fxe5 27. Nf3 Re8 28. Nd2 Bd5 29. c4 Bh6 30. cxd5 Bxd2 31. d6 $11) 26. fxe5 fxe5
27. Nf3 Ka7 28. Bf2 Kb6 29. Rb1+ Kc7 30. Bxc5 Re8 (30... Rg8) 31. Bb6+ Kc8 32.
Be3 Kc7 (32... e4 33. Nd4 c5 34. Nb3 c4 35. Nc5 $11) (32... Bc4 $6 33. Nd2 Bd5
34. c4 Bf7 35. Rb6 $14) 33. Bb6+ Kc8 34. Be3 1/2-1/2

[Event "FRA-ch"]
[Site "Val d'Isere"]
[Date "2004.08.17"]
[Round "2"]
[White "Vachier Lagrave, Maxime"]
[Black "Nataf, Igor Alexandre"]
[Result "0-1"]
[WhiteElo "2458"]
[BlackElo "2553"]
[Annotator "Finkel,A"]
[PlyCount "84"]
[EventDate "2004.08.16"]
[EventType "tourn"]
[EventRounds "11"]
[EventCountry "FRA"]
[EventCategory "13"]
[SourceTitle "CBM 103"]
[Source "ChessBase"]
[SourceDate "2004.11.11"]
[SourceVersion "1"]
[SourceVersionDate "2004.11.11"]
[SourceQuality "1"]

1. e4 c5 2. Nf3 Nc6 3. Bb5 e6 4. b3 Nge7 5. Bb2 a6 6. Bxc6 Nxc6 7. O-O b6 8. c4
(8. d4 cxd4 9. Nxd4 Qf6 10. c3 Bb7 11. Qe2 Bc5 12. Nxc6 Bxc6 13. Nd2 O-O 14.
Nf3 Qf4 15. Rfe1 f5 $132 {Lastin,A-Filipenko,A/Orel 1992}) 8... Bb7 9. Re1 (9.
d4 cxd4 10. Nxd4 Qf6 11. Qd2 Bb4 12. Nxc6 Bxd2 13. Bxf6 Bh6 14. Bd4 Bxc6 15.
Bxb6 Bxe4 $13 {Beldugov-Filipenko,A/Kazan 1995}) 9... Qc7 (9... Ne7 10. Nc3 Ng6
11. d4 Be7 12. d5 d6 13. a4 e5 14. Ne2 h5 15. Bc1 Bc8 $15 {Girinath,P-Reefat,B/
Calcutta 1999}) 10. Nc3 $6 {Keeping in mind the forthcoming sacrifice on d5.} (
10. d4 cxd4 11. Nxd4 Bd6 12. Nf3 O-O 13. Nbd2 f5 14. exf5 Rxf5 15. Ne4 Bb4 16.
Re3 h6 $15 {Yagupov,I-Filipenko,A/Rostov 1993}) (10. h3 f6 11. d4 cxd4 12. Nxd4
O-O-O (12... Bd6 $14) 13. Nc3 Bc5 14. Na4 Rhg8 15. a3 e5 16. Nc2 Kb8 17. b4 Be7
18. Ne3 $16 {Gogichaishvili,G-Adamek,Z/Mlada Boleslav 1994}) 10... Bd6 11. Nd5
$6 {White couldn't stand the temptation.} (11. Ne2 O-O 12. d4 cxd4 13. Nexd4
Ne5 {[%cal Gf7f5]} 14. Nxe5 Bxe5 15. Qh5 d6 16. Rad1 $13 {[%cal Gd1d3,Gd3h3]})
11... exd5 12. exd5+ Ne7 13. Bxg7 Rg8 {Black correctly evaluates that after} (
13... O-O-O 14. Bxh8 Rxh8 15. a4 Rg8 16. a5 b5 17. d4 $13 {[%csl Rb7] white's
chance are at least not worse.}) 14. Bf6 Rg6 15. Bxe7 Bxe7 16. Nh4 Kf8 {
Once again black chooses the right way.} (16... Rf6 $6 17. Qg4 Kf8 18. Rxe7 $1
Kxe7 19. Nf5+ Rxf5 20. Qxf5 Rg8 (20... Qd6 $6 21. Re1+ Kd8 22. Qxf7 Kc7 (22...
h6 23. h4 Kc7 $140 24. Re6 $18) 23. Qxh7 $14) 21. Re1+ Kf8 22. Qf6 Rg6 23. Qh8+
Rg8 $11) 17. Nxg6+ hxg6 18. Qf3 Qd6 19. Re2 (19. a4 Bf6 20. Rab1 Kg7 21. h3 Bd4
$15) 19... Qf6 20. Qxf6 Bxf6 21. Rae1 d6 22. f4 (22. h3 Be5 23. g4 Kg7 24. Kg2
Rh8 25. a4 Bc8 26. d3 f5 27. f3 Kf6 $17 {[%cal Gc8d7,Gh8b8,Gb6b5]}) 22... Rd8
23. g4 Bh4 $5 {[%csl Ge1]} 24. Rf1 Bc8 25. h3 Bd7 26. Kg2 (26. a4 $1) 26... b5
27. Rf3 Bf6 28. f5 $2 gxf5 $19 29. gxf5 {[%csl Rf5]} Rb8 30. d3 b4 31. Re4 a5
32. Rg4 (32. Rg3 Be5 33. Rg5 Ke7 $17 {[%cal Gb8h8,Ge7f6]}) 32... Re8 33. Kf1 a4
34. h4 Ke7 {[%cal Ge8h8]} 35. Re4+ Be5 36. f6+ Kd8 37. bxa4 Bxa4 38. Ke2 Rg8
39. h5 Bd7 40. Kf2 Rh8 41. Rh4 Rh6 42. Ke3 Ke8 0-1

[Event "Sanjin Hotel Cup 2nd"]
[Site "Tiayuan"]
[Date "2005.07.18"]
[Round "9"]
[White "Wang, Hao"]
[Black "Ni, Hua"]
[Result "0-1"]
[WhiteElo "2512"]
[BlackElo "2629"]
[Annotator "Finkel,A"]
[PlyCount "112"]
[EventDate "2005.07.09"]
[EventType "tourn"]
[EventRounds "11"]
[EventCountry "CHN"]
[EventCategory "15"]
[SourceTitle "CBM 108"]
[Source "ChessBase"]
[SourceDate "2005.09.26"]
[SourceVersion "1"]
[SourceVersionDate "2005.09.26"]
[SourceQuality "1"]

1. e4 c5 2. Nf3 Nc6 3. Bb5 Nf6 4. Bxc6 dxc6 5. d3 Bg4 {It is known, that in
these variations black frequently has some problems with his light-squared
bishop, so he solves it with a typical exchange.} (5... Nd7 {Erenburg} 6. e5
Nb6 7. Nbd2 Bf5 8. O-O e6 9. b3 Be7 10. Bb2 O-O 11. Re1 a5 12. a4 Nd5 13. Ne4
Qc7 $11 {0-1 Bologan,V-Lautier,J/4th Karpov It, Poikovsky RUS 2003 (57)}) (5...
g6 {Erenburg} 6. h3 Bg7 7. Nc3 O-O 8. Be3 b6 9. Qd2 Ne8 10. Bh6 f6 11. e5 Be6
12. O-O-O Bd5 13. Bxg7 Nxg7 14. Ne4 Qd7 15. Rhe1 Rad8 16. b3 Qc7 17. exf6 exf6
18. Kb2 Nf5 19. Qc3 Qg7 $11 {0-1 Makarichev,S-Chandler,M/Moscow 1990/TD (47)})
6. h3 Bxf3 7. Qxf3 g6 (7... e5 8. Nd2 (8. O-O Qc7 9. Nd2 Be7 10. Nc4 Nd7 11.
Qg3 Bf6 12. f4 O-O 13. f5 Kh8 14. Be3 $14 {Chuprov,D-Markarov,A/St Petersburg
2000}) 8... Nd7 9. Nc4 (9. Qg3 Qf6 (9... g6 10. Nc4 Qe7 $14) 10. Nc4 Be7 11. f4
exf4 12. Bxf4 Qg6 (12... O-O 13. O-O b6 14. Ne3 Qg6 15. Nf5 Bf6 16. Qf3 $14 {
Rublevsky,S-Gagunashvili,M/Rethymnon 2003}) 13. O-O O-O 14. Qxg6 hxg6 15. Na5
Bf6 16. Nxb7 Bxb2 17. Rab1 Bd4+ 18. Kh1 c4 $11 {Nedev,T-McShane,L/Mallorca 2004
}) 9... b5 10. Ne3 g6 11. Qg3 Bd6 12. Bd2 Nf8 13. Bc3 f6 14. h4 h5 15. a4 $14 {
Magomedov,M-Minasian,A/Minsk 1990}) (7... c4 $6 8. dxc4 Qd4 9. Nd2 Rd8 10. c3
Qd7 11. O-O e5 12. Nb3 Be7 13. Be3 Qd3 14. Na5 Qxe4 15. Qxe4 Nxe4 16. Nxb7 $16
{Malakhov,V-Skatchkov,P/Moscow 1996}) (7... e6 8. O-O Be7 9. Be3 O-O 10. Nd2
Nd7 11. a4 Bg5 12. Qg3 Bxe3 13. fxe3 Qb8 14. Qh4 Ne5 {1/2-1/2 Miljanic,
B-Vukovic,Z/Saint Vincent 2000}) (7... Nd7 8. Qg3 e5 9. Bg5 f6 10. Bd2 Qb6 11.
b3 O-O-O 12. Nc3 Bd6 13. O-O g5 14. Nd1 h5 15. Ne3 Qc7 16. Qf3 $14 {
Gaspariants,V-Lawson,E/Quebec 2002}) 8. Bd2 Nd7 $6 {Unfortunate move after
which black finds himself in troubles. It's much safer for black to trade the
bishops, so black should've preferred} (8... Bg7 9. Bc3 O-O 10. Nd2 Ne8 11.
Bxg7 Nxg7 12. Qe3 Ne6 13. O-O-O Qd4 14. Nf3 Qxe3+ 15. fxe3 f5 16. exf5 Rxf5 17.
Rdf1 $14 {Nisipeanu,L-Gagunashvili,M/St Vincent 2004}) 9. Bc3 e5 10. Nd2 Bg7
11. Nc4 Qc7 12. a4 O-O 13. h4 $1 {A great move. White takes advantage of the
fact that black knight is not on f6 to launch an attack.} (13. O-O b6 14. Qg3
Rfe8 15. Bd2 $14 {[%cal Gf2f4]}) 13... h5 14. g4 $1 b5 (14... hxg4 15. Qxg4 Nf6
16. Qg5 Rfe8 17. Bxe5 (17. Rg1 Nh5 18. Bd2 Kh7 19. Ne3 Rh8 $132) 17... Nxe4 18.
dxe4 Bxe5 19. h5 Qd8 20. Qg4 $40 {[%csl Rg8]}) 15. Ne3 (15. axb5 $5 cxb5 16.
Ne3 {[%cal Ge3d5]} Nf6 17. gxh5 Nxh5 18. Nd5 Qd6 19. Bd2 $16) 15... Nf6 16.
gxh5 Nxh5 17. Nf5 ({Deserved attention preliminary trade on b5} 17. axb5 cxb5
18. Nf5 $5 (18. Nd5) 18... b4 (18... gxf5 19. Qxh5 b4 20. Bd2 f4 21. Rg1 f5 22.
Ra6 $1 $18) 19. Bd2 a5 20. Rg1 Kh7 21. Rg5 $16) 17... gxf5 18. Qxh5 b4 19. Bd2
f4 {Black is forced to play f4 otherwise white bishop might come to h6.} (19...
fxe4 20. dxe4 f5 21. Rg1 f4 22. O-O-O $40) 20. Rg1 f5 21. exf5 Rf6 (21... Qf7
22. Qh6 Rad8 23. O-O-O Rd7 24. b3 Qxf5 25. Qxc6 $16) 22. b3 Raf8 23. O-O-O Rxf5
24. Qg4 R5f7 (24... Qf7 25. Rde1 Qf6 26. Re4 Kf7 27. f3 Rh8 28. Be1 $16 {
[%csl Rc5,Rc6][%cal Ge1f2,Ge4c4]}) 25. Rde1 Qd6 26. Re4 Qf6 27. Qh5 $1 (27. f3)
27... Re7 28. Rg6 Qf7 29. Qg4 Qe8 30. h5 $6 {It was better to keep the pawn on
h4 in orderr to protect it by Be1.} (30. f3 $18 {[%csl Gh4][%cal Gd2e1,Ge1f2]})
30... Kh7 31. f3 Qd7 32. Qxd7 $6 {White should've kept the queens on the board
since black king is very unsafe on h7.} (32. Qg1 $1 Qh3 33. Qxc5 Ref7 34. Bxb4
Qxh5 35. Rg4 Qh1+ 36. Kb2 Qxf3 37. Rxg7+ Kxg7 38. Qxe5+ Kg6 39. Bxf8 Rxf8 40.
Qe6+ $18) 32... Rxd7 33. Rxc6 Rf5 34. Rxc5 Rxh5 35. Re1 $6 ({After natural} 35.
Bxb4 Rh3 36. Ra5 Rxf3 37. Bc5 Rf1+ 38. Kd2 Kg6 39. Rxa7 Rxa7 40. Bxa7 Kf5 41.
Re1 $18 {black is completely lost.}) 35... Rh3 36. Rf1 Rb7 37. a5 Kg6 38. Kd1
Kf5 39. a6 Rd7 40. Rc6 Bf8 41. Be1 Rd6 42. Rc8 $1 (42. Rxd6 $6 Bxd6 43. Bf2 Rh6
44. Bxa7 Be7 45. Bf2 Rxa6 $14) 42... Bh6 43. Bxb4 Rxa6 44. Bc3 Bg7 45. Rc7 Bf6
46. Kc1 Rh2 47. Kb2 Re2 $6 (47... Rd6 48. b4 Rxd3 49. Rxa7 Rd6 50. Kb3 Re2 $1
$14) 48. b4 Rd6 49. Kb3 a6 50. Rc5 Ke6 51. Re1 Re3 52. Rf1 $2 {Another mistake
after which I'm no longer sure white position is winning.} (52. Rxe3 $1 fxe3
53. Rc4 {[%csl Re3,Re5][%cal Gc4e4]} Bg5 54. Re4 Bf4 (54... Rd5 55. d4 $18) 55.
Bxe5 $1 Bxe5 56. f4 $18) 52... Rb6 53. Rf2 Bh4 54. Rh2 Bf6 55. Rh6 Rd6 56. d4
$4 (56. Rh3) 56... exd4 0-1